000 00513nam a22001697a 4500
005 20250614112101.0
008 250603b |||||||| |||| 00| 0 eng d
020 _a978-93-94525-56-6
041 _aEnglish
082 _22nd ed.
_aOG 610.73678 KAU DB1378
100 _aKaur Sandeep
245 _aTextbook of Midwifery/Obstetrics and Gynecology Nursing for BSc Nursing Students
260 _bCBS Publishers & Distributors Pvt. Ltd.
_aNew Delhi
_c2025
300 _a844p
365 _bRs.1295.00
942 _cDB
999 _c366903
_d366903